[Event "LLO18/19"]
[Site "Mecklenburg-Vorpommern"]
[Date "2019.01.20"]
[Round "5.8"]
[White "Boettner, Oliver"]
[Black "Wolfgramm, Theo"]
[Result "1/2-1/2"]
[WhiteElo "1504"]
[BlackElo "1648"]
[PlyCount "93"]
[EventDate "2018.??.??"]
[EventType "team-tourn"]
[EventRounds "9"]
[EventCountry "GER"]
[WhiteTeam "FHSG Stralsund II"]
[BlackTeam "SAV Torgelow II"]
[WhiteTeamCountry "GER"]
[BlackTeamCountry "GER"]

1. e4 e6 2. d4 d5 3. exd5 exd5 4. Be3 Bd6 5. Bd3 Nf6 6. Nd2 Be6 7. Ngf3 Nbd7 8.
c3 O-O 9. Qc2 Re8 10. O-O-O Bg4 11. Rdg1 Nf8 12. Nh4 c6 13. Ndf3 Qa5 14. Kb1 b5
15. Ng5 Qb6 16. Bc1 a5 17. f4 Bd7 18. g4 b4 19. Ka1 a4 20. Qg2 bxc3 21. bxc3
Rab8 22. Nf5 Bxf5 23. gxf5 g6 24. Nxf7 Kxf7 25. fxg6+ hxg6 26. Bxg6+ Nxg6 27.
Qxg6+ Ke7 28. Qg7+ Kd8 29. Qxf6+ Be7 30. Qg6 a3 31. Qc2 Rb7 32. f5 Bf6 33. Bg5
Bxg5 34. Rxg5 Qb2+ 35. Qxb2 Rxb2 36. Rb1 Rxh2 37. Rgg1 Ree2 38. Rb3 Rxa2+ 39.
Kb1 Rab2+ 40. Rxb2 Rxb2+ 41. Ka1 Ke7 42. Rg6 Rb6 43. Ka2 Ra6 44. Rh6 Kf7 45.
Re6 Kg7 46. Ka1 a2 47. Rg6+ 1/2-1/2

[Event "LLO18/19"]
[Site "Mecklenburg-Vorpommern"]
[Date "2019.01.20"]
[Round "5.1"]
[White "Voelschow, Siegfried"]
[Black "Hoerhold, Martin"]
[Result "1/2-1/2"]
[WhiteElo "1851"]
[BlackElo "1798"]
[PlyCount "22"]
[EventDate "2018.??.??"]
[EventType "team-tourn"]
[EventRounds "9"]
[EventCountry "GER"]
[WhiteTeam "Waterkant Saal"]
[BlackTeam "SG Neubrandenburg II"]
[WhiteTeamCountry "GER"]
[BlackTeamCountry "GER"]

1. e4 e5 2. Bc4 Nf6 3. Nf3 Nxe4 4. Nc3 Nxc3 5. dxc3 f6 6. Nh4 g6 7. O-O c6 8.
f4 d5 9. Bb3 f5 10. Nf3 e4 11. Re1 Be6 1/2-1/2

[Event "LLO18/19"]
[Site "Mecklenburg-Vorpommern"]
[Date "2019.01.20"]
[Round "5.2"]
[White "Leisner, Ekkehardt"]
[Black "Wiese, Frank"]
[Result "0-1"]
[WhiteElo "1787"]
[BlackElo "1899"]
[PlyCount "64"]
[EventDate "2018.??.??"]
[EventType "team-tourn"]
[EventRounds "9"]
[EventCountry "GER"]
[WhiteTeam "SG Neubrandenburg II"]
[BlackTeam "Waterkant Saal"]
[WhiteTeamCountry "GER"]
[BlackTeamCountry "GER"]

1. c4 e5 2. g3 Nf6 3. Bg2 c6 4. Nf3 e4 5. Nd4 Bc5 6. Nb3 Be7 7. O-O d5 8. d3
O-O 9. Nc3 exd3 10. cxd5 dxe2 11. Qxe2 cxd5 12. Rd1 Be6 13. Qd3 Nc6 14. Nxd5
Nxd5 15. Bxd5 Nb4 16. Bxe6 Nxd3 17. Bf5 Qd5 18. Bxd3 Qf3 19. Re1 Qxd3 20. Rxe7
Rae8 21. Re3 Qd1+ 22. Kg2 Qd5+ 23. Kg1 a5 24. Rxe8 Rxe8 25. Be3 a4 26. Nd4 h6
27. a3 Rc8 28. Re1 Rc4 29. Ne2 Rc2 30. Nc3 Qb3 31. Nd1 Qd3 32. Bc1 Rxc1 0-1

[Event "LLO18/19"]
[Site "Mecklenburg-Vorpommern"]
[Date "2019.01.20"]
[Round "5.3"]
[White "Onasch, Gunnar"]
[Black "Dupke, Andreas"]
[Result "1-0"]
[WhiteElo "1802"]
[BlackElo "1748"]
[PlyCount "63"]
[EventDate "2018.??.??"]
[EventType "team-tourn"]
[EventRounds "9"]
[EventCountry "GER"]
[WhiteTeam "Waterkant Saal"]
[BlackTeam "SG Neubrandenburg II"]
[WhiteTeamCountry "GER"]
[BlackTeamCountry "GER"]

1. d4 d5 2. c4 e6 3. cxd5 exd5 4. Nc3 Nf6 5. Bg5 Be7 6. e3 Bf5 7. Bxf6 Bxf6 8.
Qb3 c6 9. Qxb7 Nd7 10. Qxc6 Rc8 11. Qxd5 Be6 12. Qe4 Qa5 13. Rc1 O-O 14. Qb1
Rfe8 15. Bd3 Bxd4 16. Nge2 Bxa2 17. Qa1 Ne5 18. Bb1 Bxc3+ 19. Nxc3 Qd5 20. Nxd5
Rxc1+ 21. Kd2 Rxh1 22. Qxa2 Rd8 23. Be4 a5 24. h3 g6 25. Bc2 Rb8 26. Qa3 f5 27.
Nf6+ Kh8 28. Qc3 Rb5 29. Nd7 Kg7 30. Bd3 Rc1 31. Qxc1 Nxd3 32. Qc3+ 1-0

[Event "LLO18/19"]
[Site "Mecklenburg-Vorpommern"]
[Date "2019.01.20"]
[Round "5.4"]
[White "Winkler, Karl"]
[Black "Richter, Frank"]
[Result "0-1"]
[WhiteElo "1759"]
[BlackElo "1754"]
[PlyCount "84"]
[EventDate "2018.??.??"]
[EventType "team-tourn"]
[EventRounds "9"]
[EventCountry "GER"]
[WhiteTeam "SG Neubrandenburg II"]
[BlackTeam "Waterkant Saal"]
[WhiteTeamCountry "GER"]
[BlackTeamCountry "GER"]

1. e4 c6 2. d4 d5 3. exd5 cxd5 4. c4 Nf6 5. Nc3 g6 6. Nf3 Bg7 7. Bd3 O-O 8. O-O
Nc6 9. a3 Bg4 10. Be3 e5 11. Be2 e4 12. Nd2 Bxe2 13. Qxe2 Rc8 14. cxd5 Nxd5 15.
Ndxe4 Nxc3 16. bxc3 Na5 17. Qd3 a6 18. Rfb1 f5 19. Ng5 Qd5 20. Rb4 f4 21. Bd2
Qxg5 22. g3 Qf5 23. Qxf5 Rxf5 24. g4 Rd5 25. Kg2 Bf8 26. Rbb1 g5 27. Kf3 Nc4
28. Be1 Rd7 29. Rb3 Kf7 30. Ke4 Re8+ 31. Kd3 Ne5+ 32. Kc2 Nxg4 33. h4 h6 34.
hxg5 hxg5 35. Kd3 Ke6 36. Rab1 Ree7 37. c4 Ne5+ 38. Kc3 Nf3 39. Bd2 Nxd2 40.
Kxd2 Rxd4+ 41. Kc3 Rdd7 42. Rb6+ Kf5 0-1

[Event "LLO18/19"]
[Site "Mecklenburg-Vorpommern"]
[Date "2019.01.20"]
[Round "5.5"]
[White "Nickel, Reimo"]
[Black "Rehbein, Hans Juergen"]
[Result "1/2-1/2"]
[WhiteElo "1710"]
[BlackElo "1713"]
[PlyCount "37"]
[EventDate "2018.??.??"]
[EventType "team-tourn"]
[EventRounds "9"]
[EventCountry "GER"]
[WhiteTeam "Waterkant Saal"]
[BlackTeam "SG Neubrandenburg II"]
[WhiteTeamCountry "GER"]
[BlackTeamCountry "GER"]

1. d4 g6 2. Nf3 Bg7 3. Bg5 Nf6 4. e3 O-O 5. h3 d6 6. Bc4 Nbd7 7. O-O c5 8. c3
Nb6 9. Bb3 c4 10. Bc2 Qc7 11. Bf4 Nfd5 12. Bg3 f5 13. Qc1 Bh6 14. Bh2 Nf6 15.
Nbd2 Be6 16. Qd1 Bd5 17. Re1 Nbd7 18. Qb1 e6 19. Re2 1/2-1/2

[Event "LLO18/19"]
[Site "Mecklenburg-Vorpommern"]
[Date "2019.01.20"]
[Round "5.6"]
[White "Buenz, Heinrich"]
[Black "Ehmann, Roland"]
[Result "1-0"]
[WhiteElo "1632"]
[BlackElo "1632"]
[PlyCount "77"]
[EventDate "2018.??.??"]
[EventType "team-tourn"]
[EventRounds "9"]
[EventCountry "GER"]
[WhiteTeam "SG Neubrandenburg II"]
[BlackTeam "Waterkant Saal"]
[WhiteTeamCountry "GER"]
[BlackTeamCountry "GER"]

1. Nf3 d5 2. c4 c6 3. cxd5 cxd5 4. Nc3 e6 5. d4 f5 6. Bf4 Nf6 7. a3 Bd6 8. Ne5
O-O 9. e3 Nc6 10. Be2 Ne4 11. O-O Nxe5 12. Bxe5 Nxc3 13. bxc3 Bxe5 14. dxe5 Bd7
15. Qd4 b5 16. f4 Qc7 17. Rab1 a6 18. Rfc1 Rfc8 19. g4 g6 20. Kf2 Qc5 21. gxf5
exf5 22. Rd1 Be6 23. Rb3 Ra7 24. h4 Rac7 25. Rc1 h5 26. Rg1 Kf7 27. Qd1 Qe7 28.
Rg5 d4 29. Bxh5 dxe3+ 30. Ke1 Bxb3 31. Qxb3+ Rc4 32. Bxg6+ Kf8 33. Rxf5+ Kg8
34. Rg5 Qd8 35. Bd3+ Kh8 36. Ke2 Rxc3 37. Rh5+ Kg7 38. Rh7+ Kf8 39. Qf7# 1-0

[Event "LLO18/19"]
[Site "Mecklenburg-Vorpommern"]
[Date "2019.01.20"]
[Round "5.7"]
[White "Nickel, Udo"]
[Black "Mietz, Wolfgang"]
[Result "1-0"]
[WhiteElo "1604"]
[BlackElo "1714"]
[PlyCount "99"]
[EventDate "2018.??.??"]
[EventType "team-tourn"]
[EventRounds "9"]
[EventCountry "GER"]
[WhiteTeam "Waterkant Saal"]
[BlackTeam "SG Neubrandenburg II"]
[WhiteTeamCountry "GER"]
[BlackTeamCountry "GER"]

1. d4 g6 2. c4 Bg7 3. Nc3 Nf6 4. e4 d6 5. Nf3 O-O 6. Be2 c5 7. d5 Re8 8. O-O e6
9. Re1 Na6 10. Bd3 Nc7 11. Bg5 h6 12. Bf4 Nh5 13. Be3 Kh7 14. Qc2 e5 15. h3 Rf8
16. a3 Qf6 17. b4 b6 18. Be2 Nf4 19. Bxf4 exf4 20. Rac1 Re8 21. Bd3 Bd7 22. Qd2
Kg8 23. Re2 Re7 24. bxc5 bxc5 25. Qb2 Bc8 26. Qb3 Ne8 27. Qa4 Kf8 28. Rb2 g5
29. Re2 Rb8 30. e5 dxe5 31. Ne4 Qb6 32. Rb1 Qc7 33. Rxb8 Qxb8 34. Nxc5 Nd6 35.
Nd2 Rc7 36. Nce4 Nxe4 37. Nxe4 f5 38. Nd6 Bd7 39. Nb5 e4 40. Qb4+ Kg8 41. Nxc7
Qxc7 42. Bc2 Bd4 43. Rd2 Bc5 44. Qc3 e3 45. Re2 exf2+ 46. Kf1 Be3 47. Qf6 g4
48. Qg6+ Kf8 49. Qf6+ Ke8 50. d6 1-0

[Event "LLO18/19"]
[Site "Mecklenburg-Vorpommern"]
[Date "2019.01.20"]
[Round "5.8"]
[White "Peters, Hans Joachim"]
[Black "Hiltner, Harald"]
[Result "1-0"]
[WhiteElo "1592"]
[BlackElo "1495"]
[PlyCount "67"]
[EventDate "2018.??.??"]
[EventType "team-tourn"]
[EventRounds "9"]
[EventCountry "GER"]
[WhiteTeam "SG Neubrandenburg II"]
[BlackTeam "Waterkant Saal"]
[WhiteTeamCountry "GER"]
[BlackTeamCountry "GER"]

1. e4 e5 2. Nf3 Nc6 3. Bb5 d6 4. d4 exd4 5. Nxd4 Bd7 6. Nc3 Nxd4 7. Bxd7+ Qxd7
8. Qxd4 Ne7 9. Bf4 Nc6 10. Qd2 O-O-O 11. O-O-O Be7 12. Nd5 Rhe8 13. f3 Ne5 14.
Bxe5 dxe5 15. Qa5 Kb8 16. Nf6 Qe6 17. Nxe8 Rxd1+ 18. Rxd1 Bg5+ 19. Kb1 Qxe8 20.
Qd5 Kc8 21. a3 Be3 22. Rd3 Bb6 23. g3 c6 24. Qc4 Qe7 25. Rd1 f6 26. Qg8+ Kc7
27. Qxh7 Be3 28. Qf5 Qf7 29. h4 Bf2 30. Qh3 Bc5 31. Qg2 g6 32. Qd2 Qe7 33. g4
b6 34. h5 1-0

[Event "LLO18/19"]
[Site "Mecklenburg-Vorpommern"]
[Date "2019.01.20"]
[Round "5.1"]
[White "Ertel, Wolfhard"]
[Black "Windjaeger, Gerd"]
[Result "1/2-1/2"]
[WhiteElo "1820"]
[BlackElo "1935"]
[PlyCount "78"]
[EventDate "2018.??.??"]
[EventType "team-tourn"]
[EventRounds "9"]
[EventCountry "GER"]
[WhiteTeam "Seehotel Binz"]
[BlackTeam "Motor Wolgast"]
[WhiteTeamCountry "GER"]
[BlackTeamCountry "GER"]

1. Nf3 d5 2. g3 g6 3. Bg2 Bg7 4. d3 Nf6 5. Nbd2 O-O 6. O-O c5 7. Re1 Nc6 8. Nf1
e5 9. Bg5 h6 10. Bc1 Be6 11. N3d2 Qc7 12. c3 Rfd8 13. Qc2 Rac8 14. e4 d4 15. a3
b5 16. c4 Rb8 17. cxb5 Rxb5 18. Nc4 Ne8 19. f4 Rdb8 20. fxe5 Nxe5 21. Nxe5 Bxe5
22. Nd2 Nd6 23. Nf3 Bg7 24. b4 Rc8 25. Bf4 Qb6 26. Bxd6 Qxd6 27. Qa4 a6 28. e5
Qb6 29. bxc5 Qxc5 30. Qxd4 Qxd4+ 31. Nxd4 Rxe5 32. Nxe6 fxe6 33. Rxe5 Bxe5 34.
Re1 Bd4+ 35. Kh1 e5 36. Bb7 Rc3 37. Bxa6 Rxa3 38. Bc4+ Kg7 39. Rf1 Ra1 1/2-1/2

[Event "LLO18/19"]
[Site "Mecklenburg-Vorpommern"]
[Date "2019.01.20"]
[Round "5.2"]
[White "Reinke, Thomas"]
[Black "Fechner, Henrik"]
[Result "1/2-1/2"]
[WhiteElo "1933"]
[BlackElo "1767"]
[PlyCount "35"]
[EventDate "2018.??.??"]
[EventType "team-tourn"]
[EventRounds "9"]
[EventCountry "GER"]
[WhiteTeam "Motor Wolgast"]
[BlackTeam "Seehotel Binz"]
[WhiteTeamCountry "GER"]
[BlackTeamCountry "GER"]

1. e4 c6 2. d4 d5 3. Nc3 dxe4 4. Nxe4 Bf5 5. Ng3 Bg6 6. Nf3 Nd7 7. Bc4 e6 8.
O-O Ngf6 9. c3 Bd6 10. Re1 O-O 11. Bg5 Qc7 12. Bxf6 Nxf6 13. Ne5 c5 14. Nxg6
hxg6 15. dxc5 Bxc5 16. Qe2 Rad8 17. Ne4 Nxe4 18. Qxe4 1/2-1/2

[Event "LLO18/19"]
[Site "Mecklenburg-Vorpommern"]
[Date "2019.01.20"]
[Round "5.3"]
[White "Horch, Helmut"]
[Black "Krasov, Oleksi"]
[Result "0-1"]
[WhiteElo "1760"]
[BlackElo "1900"]
[PlyCount "120"]
[EventDate "2018.??.??"]
[EventType "team-tourn"]
[EventRounds "9"]
[EventCountry "GER"]
[WhiteTeam "Seehotel Binz"]
[BlackTeam "Motor Wolgast"]
[WhiteTeamCountry "GER"]
[BlackTeamCountry "GER"]

1. d4 d5 2. e3 Nf6 3. Nf3 Bf5 4. c4 c6 5. Nc3 e6 6. Be2 Bd6 7. O-O Nbd7 8. Qb3
Qb6 9. Qxb6 axb6 10. a3 dxc4 11. Bxc4 b5 12. Be2 b4 13. Na2 bxa3 14. bxa3 O-O
15. Nc3 Ra7 16. Bb2 Rfa8 17. a4 Ne4 18. Nxe4 Bxe4 19. Nd2 Bc2 20. a5 Bb4 21.
Nc4 Bb3 22. Rfc1 Bxc4 23. Rxc4 Bxa5 24. Rac1 Nb6 25. R4c2 Nd5 26. e4 Nf6 27. d5
cxd5 28. Bxf6 gxf6 29. exd5 exd5 30. Rd1 Rd8 31. Bf3 d4 32. Rd3 b6 33. g3 Rad7
34. Rc6 Rd6 35. Rc2 Bc3 36. Rc1 b5 37. Bd1 b4 38. Bb3 Ra6 39. Kf1 Re8 40. Rb1
Ra1 41. Rxa1 Bxa1 42. Rf3 Kg7 43. Rf4 Bc3 44. Bc2 Re1+ 45. Kg2 h5 46. Rf5 Rc1
47. Bd3 Rd1 48. Bc4 Kg6 49. Rd5 Be1 50. f4 Rd2+ 51. Kf1 Bf2 52. Be2 Be3 53.
Bxh5+ Kg7 54. Rb5 Rxh2 55. Be2 Rf2+ 56. Ke1 Rg2 57. Kd1 d3 58. Bxd3 Rd2+ 59.
Ke1 Rxd3 60. Ke2 Rb3 0-1

[Event "LLO18/19"]
[Site "Mecklenburg-Vorpommern"]
[Date "2019.01.20"]
[Round "5.4"]
[White "Riebort, Frank"]
[Black "Rosenbusch, Robert Mario"]
[Result "1/2-1/2"]
[WhiteElo "1870"]
[BlackElo "1670"]
[PlyCount "36"]
[EventDate "2018.??.??"]
[EventType "team-tourn"]
[EventRounds "9"]
[EventCountry "GER"]
[WhiteTeam "Motor Wolgast"]
[BlackTeam "Seehotel Binz"]
[WhiteTeamCountry "GER"]
[BlackTeamCountry "GER"]

1. d4 Nf6 2. c4 g6 3. Nc3 Bg7 4. e4 d6 5. Bd3 O-O 6. Nge2 c5 7. d5 e6 8. O-O
exd5 9. exd5 a6 10. h3 Nbd7 11. f4 Nh5 12. g4 Qh4 13. Rf3 Ndf6 14. gxh5 Bxh3
15. Ne4 Nxe4 16. Bxe4 Rae8 17. Qd3 Qe1+ 18. Kh2 Bf5 1/2-1/2

[Event "LLO18/19"]
[Site "Mecklenburg-Vorpommern"]
[Date "2019.01.20"]
[Round "5.5"]
[White "Breitenfeldt, Ulrich"]
[Black "Rosin, Ralf"]
[Result "0-1"]
[WhiteElo "1422"]
[BlackElo "1757"]
[PlyCount "100"]
[EventDate "2018.??.??"]
[EventType "team-tourn"]
[EventRounds "9"]
[EventCountry "GER"]
[WhiteTeam "Seehotel Binz"]
[BlackTeam "Motor Wolgast"]
[WhiteTeamCountry "GER"]
[BlackTeamCountry "GER"]

1. d4 e6 2. c4 f5 3. Nf3 Nf6 4. Nc3 Be7 5. e3 O-O 6. Bd3 d5 7. O-O c6 8. Qc2 a5
9. Ne2 Na6 10. a3 Ne4 11. Ne5 Bd6 12. cxd5 cxd5 13. f3 Nec5 14. f4 Ne4 15. Nf3
Bd7 16. Qb3 Qe7 17. Nd2 a4 18. Qd1 Rfc8 19. Nxe4 fxe4 20. Bxa6 Rxa6 21. Bd2 Bb5
22. Bc3 Rf8 23. Rf2 Rf6 24. Qd2 Ra8 25. Raf1 Rh6 26. g3 Rf8 27. Rg2 Rh3 28.
Rff2 Be8 29. Qe1 Bd7 30. Kh1 Rc8 31. Qf1 Bb5 32. Rg1 Rh6 33. Qd1 Qe8 34. g4
Bxa3 35. g5 Rh3 36. Ng3 Bd6 37. Qg4 Rxg3 38. Rxg3 a3 39. Rg1 a2 40. f5 Bd7 41.
f6 Qf7 42. Qd1 Ra8 43. b3 Bb5 44. Bb2 Bb4 45. Ba1 Bd3 46. Rgg2 Bb1 47. fxg7
Qxg7 48. Rb2 Bc3 49. Rxb1 axb1=Q 50. Qxb1 Rxa1 0-1

[Event "LLO18/19"]
[Site "Mecklenburg-Vorpommern"]
[Date "2019.01.20"]
[Round "5.6"]
[White "Klotzsche, Stefan"]
[Black "Koesterke, Klaus"]
[Result "1-0"]
[WhiteElo "1720"]
[BlackElo "1476"]
[PlyCount "85"]
[EventDate "2018.??.??"]
[EventType "team-tourn"]
[EventRounds "9"]
[EventCountry "GER"]
[WhiteTeam "Motor Wolgast"]
[BlackTeam "Seehotel Binz"]
[WhiteTeamCountry "GER"]
[BlackTeamCountry "GER"]

1. Nf3 c5 2. c4 Nc6 3. g3 e5 4. d3 h6 5. Bg2 Nf6 6. Nc3 d6 7. O-O Be7 8. e4 Bg4
9. h3 Bh5 10. g4 Bg6 11. Be3 a6 12. Qd2 Rb8 13. a4 Na5 14. Rab1 Nb3 15. Qc2 Nd4
16. Bxd4 cxd4 17. Ne2 O-O 18. Nh4 Bh7 19. Nf5 Nd7 20. Neg3 Nc5 21. b4 Ne6 22.
Nxe7+ Qxe7 23. Nf5 Qd7 24. a5 Nf4 25. b5 Ra8 26. Rb2 Bxf5 27. exf5 Nxg2 28.
Kxg2 Rfc8 29. Qd2 Qd8 30. Rfb1 Kh7 31. bxa6 bxa6 32. Rb6 Qd7 33. Qb4 Rc5 34.
Rb7 Qc6+ 35. Kg3 f6 36. Qe1 Qa4 37. Qe4 Rd8 38. h4 Qxa5 39. g5 Rf8 40. gxh6 Rg8
41. Qg4 Rc7 42. Qg6+ Kh8 43. Rb8 1-0

[Event "LLO18/19"]
[Site "Mecklenburg-Vorpommern"]
[Date "2019.01.20"]
[Round "5.7"]
[White "Mueller, Wilfried"]
[Black "Ploch, Gregor"]
[Result "1/2-1/2"]
[WhiteElo "1350"]
[BlackElo "1650"]
[PlyCount "33"]
[EventDate "2018.??.??"]
[EventType "team-tourn"]
[EventRounds "9"]
[EventCountry "GER"]
[WhiteTeam "Seehotel Binz"]
[BlackTeam "Motor Wolgast"]
[WhiteTeamCountry "GER"]
[BlackTeamCountry "GER"]

1. e4 e6 2. Nf3 d5 3. exd5 exd5 4. d4 Nf6 5. Bg5 Be7 6. Bxf6 Bxf6 7. Be2 O-O 8.
O-O Bf5 9. c3 Nd7 10. Bd3 Bxd3 11. Qxd3 Re8 12. Nbd2 c6 13. Rfe1 Qb6 14. Rxe8+
Rxe8 15. b4 a5 16. Qf5 Nf8 17. a3 1/2-1/2

[Event "LLO18/19"]
[Site "Mecklenburg-Vorpommern"]
[Date "2019.01.20"]
[Round "5.8"]
[White "Schellner, Ulf"]
[Black "Froehlich, Wolfgang"]
[Result "1/2-1/2"]
[WhiteElo "1647"]
[BlackElo "1331"]
[PlyCount "50"]
[EventDate "2018.??.??"]
[EventType "team-tourn"]
[EventRounds "9"]
[EventCountry "GER"]
[WhiteTeam "Motor Wolgast"]
[BlackTeam "Seehotel Binz"]
[WhiteTeamCountry "GER"]
[BlackTeamCountry "GER"]

1. d4 d5 2. c4 e6 3. Nc3 Nf6 4. Bg5 Nbd7 5. e3 c6 6. Nf3 Qa5 7. Bxf6 Nxf6 8.
Nd2 Be7 9. Bd3 O-O 10. O-O Qd8 11. Nf3 g6 12. Rc1 Re8 13. Nb1 Bd6 14. Ne5 Kg7
15. Nd2 Bd7 16. c5 Be7 17. b4 Rh8 18. f4 Be8 19. Qe2 a6 20. Rf2 Nd7 21. Ndf3 f6
22. Nxd7 Qxd7 23. Rcf1 Qd8 24. g4 h5 25. g5 f5 1/2-1/2

[Event "LLO18/19"]
[Site "Mecklenburg-Vorpommern"]
[Date "2019.01.20"]
[Round "5.1"]
[White "Schulz, Daniel"]
[Black "Schamber, Dennis"]
[Result "1/2-1/2"]
[WhiteElo "1910"]
[BlackElo "1770"]
[PlyCount "75"]
[EventDate "2018.??.??"]
[EventType "team-tourn"]
[EventRounds "9"]
[EventCountry "GER"]
[WhiteTeam "SG Neubrandenburg"]
[BlackTeam "Makkabi Rostock"]
[WhiteTeamCountry "GER"]
[BlackTeamCountry "GER"]

1. e4 c5 2. c3 d5 3. exd5 Qxd5 4. d4 e6 5. Nf3 Nf6 6. Be2 Nc6 7. O-O Be7 8. Be3
b6 9. dxc5 Bxc5 10. Qxd5 exd5 11. Bb5 Bd7 12. Bxc5 bxc5 13. Re1+ Ne7 14. Bxd7+
Nxd7 15. Nbd2 Rb8 16. Re2 Kf8 17. Nb3 f6 18. Rae1 Ng6 19. Re6 c4 20. Nbd4 Kf7
21. Nf5 Nde5 22. Ra6 Nxf3+ 23. gxf3 Ne5 24. Rxa7+ Kg6 25. Nd4 Rxb2 26. f4 Nd3
27. f5+ Kh6 28. Re3 Nf4 29. h3 Rg8 30. Ne6 Nd3 31. Rg3 Nxf2 32. a4 Kh5 33. Kf1
Ne4 34. Rg4 Nf2 35. Rgxg7 Rxg7 36. Rxg7 Nxh3 37. Rxh7+ Kg4 38. Nd4 1/2-1/2

[Event "LLO18/19"]
[Site "Mecklenburg-Vorpommern"]
[Date "2019.01.20"]
[Round "5.2"]
[White "Markovych, Illya"]
[Black "Stoevesand, Eric"]
[Result "1/2-1/2"]
[WhiteElo "1899"]
[BlackElo "1975"]
[PlyCount "70"]
[EventDate "2018.??.??"]
[EventType "team-tourn"]
[EventRounds "9"]
[EventCountry "GER"]
[WhiteTeam "Makkabi Rostock"]
[BlackTeam "SG Neubrandenburg"]
[WhiteTeamCountry "GER"]
[BlackTeamCountry "GER"]

1. e4 e5 2. Nf3 Nc6 3. Bb5 a6 4. Bxc6 bxc6 5. Nxe5 Qg5 6. d4 Qxg2 7. Qf3 Qxf3
8. Nxf3 Nf6 9. O-O Bb7 10. Bf4 O-O-O 11. Ng5 Re8 12. Nd2 Nh5 13. Be3 f6 14. Nh3
g5 15. Rfe1 h6 16. f3 Ng7 17. a3 Rg8 18. Nf2 f5 19. Nd3 f4 20. Bf2 Ne6 21. h3
h5 22. Kf1 Bh6 23. c4 g4 24. hxg4 hxg4 25. fxg4 Rxg4 26. d5 Ng5 27. Bd4 f3 28.
Ne5 Rh4 29. Ndxf3 Nxf3 30. Nxf3 Rf4 31. Kf2 Ref8 32. Re3 cxd5 33. cxd5 Bxd5 34.
Rh1 Bxe4 35. Rxh6 Rxf3+ 1/2-1/2

[Event "LLO18/19"]
[Site "Mecklenburg-Vorpommern"]
[Date "2019.01.20"]
[Round "5.3"]
[White "Rossmann, Andreas"]
[Black "Reznik, Leonid"]
[Result "1-0"]
[WhiteElo "1920"]
[BlackElo "1879"]
[PlyCount "81"]
[EventDate "2018.??.??"]
[EventType "team-tourn"]
[EventRounds "9"]
[EventCountry "GER"]
[WhiteTeam "SG Neubrandenburg"]
[BlackTeam "Makkabi Rostock"]
[WhiteTeamCountry "GER"]
[BlackTeamCountry "GER"]

1. Nf3 Nf6 2. g3 g6 3. Bg2 Bg7 4. O-O d6 5. d4 O-O 6. c4 Nbd7 7. Nc3 e5 8. e3
Nh5 9. dxe5 Nxe5 10. Nxe5 Bxe5 11. Bf3 Ng7 12. Qb3 Ne6 13. Bg2 Nc5 14. Qc2 a5
15. e4 a4 16. Be3 b6 17. Rfd1 Bd7 18. f4 Bg7 19. Rd2 a3 20. b3 Bc6 21. Bd4 f6
22. Re1 Qd7 23. Nd5 Bxd5 24. cxd5 Rfe8 25. Rde2 Na6 26. Qc3 Qf7 27. Qc4 Nc5 28.
Bh3 Kh8 29. b4 Na6 30. Be6 Qe7 31. e5 fxe5 32. fxe5 dxe5 33. Bc3 Rf8 34. Bh3
Qd6 35. Rxe5 b5 36. Qb3 Qb6+ 37. Kh1 Bxe5 38. Bxe5+ Rf6 39. d6 Raf8 40. Qc3 Kg7
41. Rf1 1-0

[Event "LLO18/19"]
[Site "Mecklenburg-Vorpommern"]
[Date "2019.01.20"]
[Round "5.4"]
[White "Roeste, Stein"]
[Black "Pruesse, Horst"]
[Result "0-1"]
[WhiteElo "1538"]
[BlackElo "1936"]
[PlyCount "34"]
[EventDate "2018.??.??"]
[EventType "team-tourn"]
[EventRounds "9"]
[EventCountry "GER"]
[WhiteTeam "Makkabi Rostock"]
[BlackTeam "SG Neubrandenburg"]
[WhiteTeamCountry "GER"]
[BlackTeamCountry "GER"]

1. d4 Nf6 2. c4 e6 3. Nf3 c5 4. d5 b5 5. b3 bxc4 6. bxc4 Nxd5 7. cxd5 Qf6 8.
dxe6 fxe6 9. Nd4 cxd4 10. Qb3 Nc6 11. Bd2 Bc5 12. g3 O-O 13. f3 Rb8 14. Qc4 Qf5
15. Qd3 Qxd3 16. exd3 Ne5 17. f4 Bb7 0-1

[Event "LLO18/19"]
[Site "Mecklenburg-Vorpommern"]
[Date "2019.01.20"]
[Round "5.5"]
[White "Baier, Karsten"]
[Black "Elsken Sicard, Fabian"]
[Result "0-1"]
[WhiteElo "1875"]
[BlackElo "1511"]
[PlyCount "106"]
[EventDate "2018.??.??"]
[EventType "team-tourn"]
[EventRounds "9"]
[EventCountry "GER"]
[WhiteTeam "SG Neubrandenburg"]
[BlackTeam "Makkabi Rostock"]
[WhiteTeamCountry "GER"]
[BlackTeamCountry "GER"]

1. d4 Nf6 2. Nf3 g6 3. c4 Bg7 4. Nc3 O-O 5. e4 d6 6. Be2 Nbd7 7. O-O e5 8. d5
Nc5 9. Qc2 a5 10. h3 Ne8 11. Be3 f5 12. Bxc5 dxc5 13. Bd3 fxe4 14. Bxe4 Nd6 15.
Qe2 Qf6 16. Nh2 Qg5 17. Kh1 Rf4 18. g3 Rf7 19. Bg2 Bd7 20. Ne4 Nxe4 21. Qxe4
Raf8 22. Qe3 Qxe3 23. fxe3 Rf2 24. Rab1 Re2 25. Rxf8+ Kxf8 26. e4 Bh6 27. a3
Ke7 28. b4 axb4 29. axb4 cxb4 30. Rxb4 Re1+ 31. Nf1 b6 32. Kh2 Re2 33. Kg1 Rc2
34. g4 Bf4 35. Bf3 Kd6 36. Rb3 Rxc4 37. Kf2 Kc5 38. Be2 Rxe4 39. Rc3+ Kd6 40.
Bc4 g5 41. Ng3 Bxg3+ 42. Kxg3 h6 43. Bb3 Rd4 44. Rf3 Rf4 45. Rc3 Bb5 46. Ba2
Rd4 47. Rc2 Rd3+ 48. Kg2 e4 49. Rf2 e3 50. Rf6+ Kc5 51. Bb1 Rd2+ 52. Kg3 e2 53.
Kf2 Rd1 0-1

[Event "LLO18/19"]
[Site "Mecklenburg-Vorpommern"]
[Date "2019.01.20"]
[Round "5.6"]
[White "Tovmasyan, Minas"]
[Black "Lichte, Martin"]
[Result "1/2-1/2"]
[WhiteElo "1518"]
[BlackElo "1870"]
[PlyCount "56"]
[EventDate "2018.??.??"]
[EventType "team-tourn"]
[EventRounds "9"]
[EventCountry "GER"]
[WhiteTeam "Makkabi Rostock"]
[BlackTeam "SG Neubrandenburg"]
[WhiteTeamCountry "GER"]
[BlackTeamCountry "GER"]

1. d4 Nf6 2. c4 g6 3. Nc3 d5 4. Nf3 Bg7 5. Qb3 dxc4 6. Qxc4 O-O 7. e4 c6 8. Be2
Nbd7 9. h3 Nb6 10. Qd3 Qc7 11. O-O Be6 12. Qc2 Rac8 13. Rd1 Rfd8 14. Be3 Bc4
15. Rac1 Bxe2 16. Nxe2 e6 17. Bf4 Qe7 18. Ne5 h6 19. b3 Nbd7 20. Nc4 Ne8 21.
Qd2 Kh7 22. Qa5 Nef6 23. f3 b6 24. Qe1 c5 25. dxc5 Qxc5+ 26. Kh1 Qe7 27. Nc3
Nh5 28. Bh2 Qb4 1/2-1/2

[Event "LLO18/19"]
[Site "Mecklenburg-Vorpommern"]
[Date "2019.01.20"]
[Round "5.7"]
[White "Witkowski, Rainer"]
[Black "Roeste, Hugo"]
[Result "0-1"]
[WhiteElo "1819"]
[BlackElo "1439"]
[PlyCount "38"]
[EventDate "2018.??.??"]
[EventType "team-tourn"]
[EventRounds "9"]
[EventCountry "GER"]
[WhiteTeam "SG Neubrandenburg"]
[BlackTeam "Makkabi Rostock"]
[WhiteTeamCountry "GER"]
[BlackTeamCountry "GER"]

1. e4 c5 2. c3 d5 3. exd5 Qxd5 4. d4 cxd4 5. Nf3 Nc6 6. cxd4 Nf6 7. Nc3 Qd8 8.
Be2 e6 9. O-O Be7 10. Bb5 O-O 11. Bxc6 bxc6 12. Na4 Nd5 13. Ne5 Qc7 14. Qc2 Nb4
15. Qc4 Ba6 16. Qc3 Bxf1 17. Kxf1 f6 18. Nf3 Nd5 19. Qc4 Qb7 0-1